[Event "IECC CL2-2009.10 email"]
[Site "IECC email"]
[Date "2009.09.09"]
[Round "?"]
[White "Lima dos Santos, Fernando Melchior"]
[Black "Bascetta, Biagio J"]
[Result "1-0"]
[WhiteElo "1980"]
[BlackElo "1938"]
[PlyCount "93"]
[EventDate "2009.??.??"]
[EventType "tourn (corr)"]
[EventRounds "4"]
[SourceTitle "Telechess CBM 149"]
[Source "ChessBase"]
[SourceDate "2012.07.17"]
[SourceVersion "1"]
[SourceVersionDate "2012.07.17"]
[SourceQuality "1"]
[WhiteTeam "Brazil"]
[BlackTeam "Italy"]
[WhiteTeamCountry "BRA"]
[BlackTeamCountry "ITA"]

1. d4 Nf6 2. c4 e5 3. dxe5 Ng4 4. e4 Nxe5 5. f4 Nec6 6. Be3 Bb4+ 7. Nc3 Bxc3+ 8. bxc3 Qe7 9. Bd3 Na6 10. Nf3 Nc5 11. Qb1 Nxd3+ 12. Qxd3 d6 13. 0-0 0-0 14. Bf2 b6 15. Bh4 Qe8 16. Nd4 f6 17. Rae1 Ba6 18. Nb5 Rf7 19. Rf3 Qe6 20. a4 Re8 21. Bg3 Bb7 22. f5 Qd7 23. Qc2 Na5 24. Rf4 Nxc4 25. Qa2 Ne5 26. Rd1 Bc6 27. c4 a6 28. Nc3 Bb7 29. Rd4 Qc6 30. Bf2 b5 31. axb5 axb5 32. Nxb5 Ra8 33. Qb1 Ba6 34. Na3 Rff8 35. Be3 Rfb8 36. Qd1 Bxc4 37. Nxc4 Nxc4 38. Rf3 Ra2 39. Bf4 Qc5 40. Rc3 Ra1 41. Qxa1 Qxd4+ 42. Kh1 Qxe4 43. Qf1 Rb1 44. Bc1 Rxc1 45. Rxc1 Ne5 46. Qd1 Qb1 47. Rxb1 1-0

[Event "IECC CL2-2009.10 email"]
[Site "IECC email"]
[Date "2009.09.09"]
[Round "?"]
[White "Van der Mark, Niels"]
[Black "Lima dos Santos, Fernando Melchior"]
[Result "1-0"]
[WhiteElo "1920"]
[BlackElo "1999"]
[PlyCount "45"]
[EventDate "2009.??.??"]
[EventType "tourn (corr)"]
[EventRounds "4"]
[SourceTitle "Telechess CBM 137"]
[Source "ChessBase"]
[SourceDate "2010.07.15"]
[SourceVersion "1"]
[SourceVersionDate "2010.07.15"]
[SourceQuality "1"]
[WhiteTeam "Netherlands"]
[BlackTeam "Brazil"]
[WhiteTeamCountry "NED"]
[BlackTeamCountry "BRA"]

1. e4 e6 2. d4 d5 3. Nd2 Nc6 4. c3 a6 5. e5 Nge7 6. Bd3 Ng6 7. Nh3 Be7 8. 0-0 0-0 9. Qh5 Qe8 10. Nf3 b6 11. Nhg5 Bxg5 12. Nxg5 h6 13. Nf3 Nce7 14. g4 Bd7 15. Re1 Bb5 16. Bc2 c5 17. g5 cxd4 18. gxh6 gxh6 19. Qxh6 f6 20. exf6 Rxf6 21. Ng5 Rf7 22. Bxg6 Nxg6 23. Rxe6 1-0